000 00585nam a2200205Ia 4500
005 20240122115121.0
008 131103s9999 xx 000 0 und d
040 _aLoreto College
041 _aEnglish
082 _a370
_bSTA
100 _aStalcup,Robert J.
245 _aSociology and Education,
_cRobert J.Stalcup
260 _aColumbus
_bCharles E.Merrill Publishing Company
_c1968
300 _aix,97 p.
440 _aFoundations of Education Series
504 _aIncludes bibliographical references and index
650 _aEducation
850 _aLCLIB
942 _cBK
999 _c10340
_d60819